| 000 | 00382nam a22001577a 4500 | ||
|---|---|---|---|
| 999 |
_c9247 _d9247 |
||
| 003 | OSt | ||
| 008 | 201119b ||||| |||| 00| 0 eng d | ||
| 020 | _a9780070597846 | ||
| 100 | _aSimmons, George | ||
| 245 | _aIntroduction to Topology and Modern Analysis | ||
| 250 | _aRep. | ||
| 260 |
_aNew Delhi _bTMH _c2020 |
||
| 300 | _a372 | ||
| 650 | _aB.Sc Non Medical | ||
| 942 |
_2ddc _cBK |
||